000 00229nam a2200097Ia 4500
008 230508s2000 xx 000 0 und d
041 _aeng
100 _aCHANDRAKASAN
245 _aLOW POWER CMOS DESIGN
260 _bSTAND PUB
_c2000
999 _c325837
_d325837